| 000 | 01069nmc a2200373 a 4500 | ||
|---|---|---|---|
| 003 | AR-BaBNM | ||
| 005 | 20251128204343.0 | ||
| 008 | 025119s1992 ||||||||||||||000 | spa|| | ||
| 020 | _a84-7509-795-2 | ||
| 040 | _cAR-BaBNM | ||
| 100 | 1 | _aBernaldo de Quirós, Julio | |
| 245 | 1 | 0 | _aLa dislexia en la niñez |
| 260 |
_aBarcelona _bPaidós _c1992 |
||
| 300 |
_a373 p. _bgráfs., cuadros, tablas, il. |
||
| 490 | 0 |
_aNeurología, conducta y neuropsicología _vv. 4 |
|
| 650 | 4 | _aDISLEXIA | |
| 650 | 4 | _aDIFICULTADES EN EL APRENDIZAJE | |
| 650 | 4 | _aEDUCACION ESPECIAL | |
| 650 | 4 | _aPSICOLINGUISTICA | |
| 650 | 4 | _aTRASTORNOS DEL HABLA | |
| 650 | 4 | _aTRASTORNOS DEL HABLA | |
| 650 | 4 | _aATENCION | |
| 650 | 4 | _aMEMORIA | |
| 650 | 4 | _aPSICOLOGIA DE LA EDUCACION | |
| 650 | 4 | _aENSENANZA DE LA LECTURA | |
| 650 | 4 | _aENSENANZA DE LA ESCRITURA | |
| 650 | 4 | _aPSICOTERAPIA | |
| 653 | _aTRASTORNOS DEL LENGUAJE | ||
| 653 | _aTRASTORNOS DEL LENGUAJE | ||
| 653 | _aPSICOLOGIA GESTALTICA | ||
| 700 | 1 | _aDella Cella, Matilde A. | |
| 942 | _cBK | ||
| 998 | _cGrace | ||
| 999 |
_c7126 _d7126 |
||